000 005570000a22001210004500
100 1 _aLuján Sáenz Juan Carlos
245 1 0 _aEse español que renovó la nueva Ortografía
300 _aVol.0, núm.102 (2011), Páginas 15 - 19
520 _aDe un lado, entonces, están quienes buscan cerrar filas ante las transformaciones de las formas de hablar y, de otro, quienes creen que la lengua, como todo mecanismo vivo, debe mutar y acoplarse a las tecnologías y a los guiños de los tiempos.
650 1 4 _aORTOGRAFÍA
773 0 _tEl eafitense
942 _cANA
999 _c63593
_d63593